000 00409pab a2200169 454500
008 180718b1962 xxu||||| |||| 00| 0 eng d
100 _aJain, L.C.
245 _aPanchayati Raj and co-operatives
260 _c1962
300 _ap.595-601.
362 _aOct-Dec
650 _aCooperatives
650 _aPanchayat
773 _aIndian Journal of Public Administration
908 _aN
909 _a100447
999 _c100446
_d100446